Lord of the Rings Locations by Picture - Statistics

General Stats
  • This quiz has been taken 74 times
  • The average score is 14 of 28
Answer Stats
Picture Answer % Correct
The Shire
83%
Mount Doom
81%
Edoras
78%
Helm's Deep
78%
Minas Tirith
75%
Rivendell
72%
Erebor
67%
Khazad-dûm
67%
Orthanc
67%
Minas Morgul
64%
Barad-dûr
61%
Dead Marshes
61%
Mirkwood
58%
Lothlórien
53%
The Grey Havens
53%
Lake-town
50%
Fangorn Forest
47%
Dol Guldur
44%
Numenor
39%
Dale
36%
Eregion
36%
Valinor
31%
Cirith Ungol
28%
Lindon
28%
Goblin-town
25%
Gundabad
22%
Forodwaith
17%
The Woodland Realm
11%
No matching quizzes found
Score Distribution
Percent of People with Each Score
Percentile by Number Answered
Your Score History
You have not taken this quiz